00297nam a2200121Ia 4500008004100000082001800041100002100059245002800080250000800108260003200116300001000148650001700158150201s1977 xx 000 0 und d a617.6bO1977K aKURLAYANDSKY .K. aORTHOPAEDIC STOMATOLOGY a1ST bMIR PUBLISHERSaDELHIc1977 a1-590 aORTHODONTICS